000 00660nam a2200229 i 4500
003 DO-SdBNP
005 20260119130522.0
007 ta
008 260119b2009 dr ||||| |||| 00| 0 spa d
040 _aDO-SdBNP
_bspa
_cBNPHU
_erda
041 _aspa
082 4 _axxx
_bxxx
_222
245 0 0 _aPlan estratégico 2009-2012
264 1 _aSanto Domingo :
_bPartido de la Liberación Domincano;
_bEditora Alfa y Omega,
_c2009.
300 _a89 páginas ;
_c21 cm.
336 _atexto
_btxt
_2rdacontent
337 _asin mediación
_bn
_2rdamedia
338 _avolumen
_bnc
_2rdacarrier
590 _aInventariado, 2026/BT
910 _aBtavárez
942 _2ddc
_cLBS1
999 _c60128
_d60128